000 00740nam a2200241Ia 4500
003 OSt
005 20221007103723.0
006 a|||||r|||| 00| 0
007 ta
008 221006b |||||||| |||| 00| 0 eng d
024 _a13,838
037 _cTextual
040 _aLCO
_cLCO
_beng
041 _2eng
_aeng
082 _aZ251q, K8
245 0 _aCompilation of Statutory Rules and Orders
_b Issued Under the Acts Enacted by Delhi Legislaive Assembly and Included in Delhi Code,Vol.2 Law and Judicial Department
260 _aDelhi
_bManager of Publications India
_c1968
300 _a687
490 _v12
650 _aDELHI CODE
_9705500
942 _hZ251q, K8
_cTEXL
999 _c1183401
_d1183401